00381nam a22001457a 4500003000400000082001400004100002300018245010400041260002500145300000700170650002000177653000900197942001200206999001700218SGT a617bP22S aSINGH, MANVINDER  aPROSPECTIVE STUDY OF VARICOSE VEINS TREATMENT BY ENDOVENOUS LASER THERAPHY AND FOAM SCLEROTHERAPHY  aGURUGRAMbSGTUc2022 a89 aGENERAL SURGERY aMS  2ddccTH c33193d33193